000 00975nac a22003017a 4500
001 BR6005360
003 BR-BrBNA
005 20240105113125.0
008 230509b bl.|||m| |||| 00| 0 por d
040 _aBR-BrBNA
_bpor
_cBiblioteca Nacional de Agricultura
072 _aF00
090 _a1000 BR6005360
100 1 _aGiacometti, D.C.
110 1 _aInstituto Agronomico de Minas Gerais, Belo Horizonte (Brasil)
_95623
245 1 _aFormacao do pomar citrico (laranja, limoes, tangerinas, limas, "Grapefruits")
260 3 _aBelo Horizonte, MG (Brasil):
_c1953.
300 _a15 p.
490 _aCircular - Instituto Agronomico de Minas Gerais (Brazil)
_vno. 5
_x
500 _aReprint of "Boletim de Agricultura no. 11-12, Nov-Dec 1953
650 _aLARANJA
650 _aLIMAO
650 _aTANGERINA
650 _aLIMA
650 _aGRAPEFRUIT
650 _aPRATICA CULTURAL
909 _a202312
_bLúcia Elande
_c55
_dLúcia Elande
942 _2AGRIS
_n0
_cMS
999 _c262021
_d262021